| 000 | 00521nam a22001457a 4500 | ||
|---|---|---|---|
| 020 | _a0-02-313090-3 | ||
| 082 | _a658.5 BOW'L | ||
| 100 |
_aBOWERSOX, DONALD J ,CLOSS, DAVID J ,HELFERICH, OMAR K _962236 |
||
| 245 | _aLOGISTICAL MANAGEMENT ,A SYSTEMS INTEGRATION OF PHYSICAL DISTRIBUTION MANUFACTURING SUPPORT AND MATERIALS PROCUREMENT , | ||
| 250 | _a3RD | ||
| 260 |
_aNEWYORK _bMACMILLAN _c2986 |
||
| 300 | _a586P | ||
| 650 |
_aMATERIALS MANAGEMENT PHYSICAL DISTRIBUTION OF GOODS MANAGEMENT _962237 |
||
| 942 | _cBK | ||
| 999 |
_c571408 _d571408 |
||